| 000 | 01917nam a2200325Ia 4500 | ||
|---|---|---|---|
| 001 | ebr10071470 | ||
| 003 | CaPaEBR | ||
| 006 | m u | ||
| 007 | cr cn||||||||| | ||
| 008 | 030325s1999 dcu sb 000 0 eng d | ||
| 040 |
_aCaPaEBR _cCaPaEBR |
||
| 035 | _a(OCoLC)270931953 | ||
| 050 | 1 | 4 |
_aTL788.4 _b.U64 1999eb |
| 245 | 0 | 0 |
_aU.S.-European-Japanese workshop on space cooperation _h[electronic resource] : _bsummary report / _cSpace Research Committee, Science Council of Japan; European Space Science Committee, European Science Foundation; and Committee on International Space Programs, Space Studies Board, Commission on Physical Sciences, Mathematics, and Applications, National Research Council. |
| 260 |
_aWashington, D.C. : _bNational Academy Press, _cc1999. |
||
| 300 | _axii, 65 p. | ||
| 500 | _a"Support for this project was provided by Contract NASW 96013 between the National Academy of Sciences and the National Aeronautics and Space Administration."--P. ii. | ||
| 504 | _aIncludes bibliographical references. | ||
| 533 |
_aElectronic reproduction. _bPalo Alto, Calif. : _cebrary, _d2013. _nAvailable via World Wide Web. _nAccess may be limited to ebrary affiliated libraries. |
||
| 650 | 0 |
_aSpace sciences _xInternational cooperation _vCongresses. |
|
| 650 | 0 |
_aAstronautics _xInternational cooperation _vCongresses. |
|
| 655 | 7 |
_aElectronic books. _2local |
|
| 710 | 2 |
_aNational Research Council (U.S.). _bCommission on Physical Sciences, Mathematics, and Applications. |
|
| 710 | 2 |
_aNational Research Council (U.S.). _bCommittee on International Space Programs. |
|
| 710 | 2 |
_aEuropean Science Foundation. _bEuropean Space Science Committee. |
|
| 710 | 2 | _aNihon Gakujutsu Kaigi. | |
| 710 | 2 | _aNational Academy Press (U.S.) | |
| 710 | 2 | _aebrary, Inc. | |
| 856 | 4 | 0 |
_uhttp://site.ebrary.com/lib/rucke/Doc?id=10071470 _zAn electronic book accessible through the World Wide Web; click to view |
| 999 |
_c43557 _d43557 |
||